| 000 | 00497nam a2200181 a 4500 | ||
|---|---|---|---|
| 005 | 20140317113038.0 | ||
| 008 | 140317b2003 gw ||||| |||| 00| 0 spa d | ||
| 041 | _aspa | ||
| 044 | _agx | ||
| 090 |
_aLB _b04254 |
||
| 245 |
_aCordillera Central colombiana transecto Parque los Nevados _bultima parte |
||
| 260 |
_aBerlĂn _bJ. Cramer _c2003 |
||
| 300 | _a545 p. | ||
| 700 |
_aHammen, Thomas van der _922235 |
||
| 700 |
_aDos Santos, Alice G. _98374 |
||
| 942 |
_cImpreso _2z |
||
| 945 | _d2005-11-17 | ||
| 999 |
_c4821 _d4821 |
||